01459nab a22002657a 4500003000400000005001700004008004100021040000700062100002500069245011800094260007300212300001500285500003800300505018000338505029800518505008200816650001800898650001800916650002900934650002500963650001600988650002101004650001901025773014901044OSt20251218081406.0190429b xxu||||| |||| 00| 0 spa d cPJ aBaqué, Santiago P.13aLa víctima frente a una verdad consensuada. Ideas y consecuencias del fallo Jaureguiber /cSantiago P. Baqué. cCiudad Autónoma de Buenos Aires :aThomson Reuters La Ley, b2025. ap. 111-119 aCita: TR LALEY AR/DOC/407/2025.  aSumario: I. Introducción.— II. Fundamentos de legitimación procesal.— III. Fundamentos desde las bases del derecho penal.— IV. Una decisión de política procesal. aFallo comentado: SC Buenos Aires ~ 03/06/2024 ~ Sobrino, Marcelo Alberto, Fiscal General del Departamento Judicial de Azul s/ recurso extraordinario de inaplicabilidad de ley en causa N.º 45.415 de la Cámara de Apelación y Garantías en lo Penal de Azul, seguida a Jaureguiber, Luciano. tSi te interesa el texto completo, solicitalo a koha@justierradelfuego.gov.ar  0aDERECHO PENAL 0aPROCESO PENAL 0aDERECHOS DE LA VÍCTIMA 0aVÍCTIMA DEL DELITO 0aJUICIO ORAL 0aJUICIO ABREVIADO 0aACCIÓN PENAL0 02658tRevista de derecho penal y criminología. Nº 3 - Abril 2025dCiudad Autónoma de Buenos Aires : Thomson Reuters La Ley, 2017-x00347914